| 000 | 01360cam a2200361 i 4500 | ||
|---|---|---|---|
| 001 | 17636710 | ||
| 003 | OSt | ||
| 005 | 20150408114157.0 | ||
| 008 | 130225s2013 nyua 001 0 eng | ||
| 010 | _a 2013004753 | ||
| 020 | _a9780071805896 (alk. paper) | ||
| 020 | _a0071805893 | ||
| 040 |
_aDLC _beng _cDLC _erda _dDLC |
||
| 042 | _apcc | ||
| 050 | 0 | 0 |
_aHF5548.4.M523 _bC782 2013 |
| 082 | 0 | 0 |
_a005.54 _223 _bCJM |
| 100 | 1 | _aCronan, John. | |
| 245 | 1 | 0 |
_aMicrosoft Excel 2013 / _cJohn Cronan, Marty Matthews. |
| 246 | 3 | 0 | _aExcel 2013 |
| 300 |
_axviii, 270 pages : _bcolor illustrations ; _c21 x 26 cm. |
||
| 490 | 0 | _aQuickSteps | |
| 500 | _aIncludes index. | ||
| 630 | 0 | 0 | _aMicrosoft Excel (Computer file) |
| 650 | 0 |
_aBusiness _xComputer programs. |
|
| 650 | 0 | _aElectronic spreadsheets. | |
| 700 | 1 | _aMatthews, Martin S. | |
| 856 | 4 | 2 |
_3Contributor biographical information _uhttp://www.loc.gov/catdir/enhancements/fy1317/2013004753-b.html |
| 856 | 4 | 2 |
_3Publisher description _uhttp://www.loc.gov/catdir/enhancements/fy1317/2013004753-d.html |
| 856 | 4 | 1 |
_3Table of contents only _uhttp://www.loc.gov/catdir/enhancements/fy1317/2013004753-t.html |
| 906 |
_a7 _bcbc _corignew _d1 _eecip _f20 _gy-gencatlg |
||
| 942 |
_2ddc _cBOOK |
||
| 999 |
_c32607 _d267107 |
||